The extra-professional life: leisure, retirement and unemployment /
Збережено в:
| Автор: | |
|---|---|
| Формат: | Текст |
| Теги: |
Додати тег
Немає тегів, Будьте першим, хто поставить тег для цього запису!
|
MARC
| LEADER | 00000 a a2200000 04500 | ||
|---|---|---|---|
| 001 | 48681 | ||
| 003 | |||
| 040 | |||
| 100 | |a Stebbins, Robert A. | ||
| 245 | |a The extra-professional life: |b leisure, retirement and unemployment / |c Robert A. Stebbins | ||
| 773 | |g volumen48, número 1, (2000), páginas 1-23 | ||
| 999 | |c 21626 |d 21626 | ||
